| 000 | 00446nam a2200121Ia 4500 | ||
|---|---|---|---|
| 008 | 200902s9999 xx 000 0 und d | ||
| 020 | _a978-621-406-146-4 | ||
| 100 | _aMagalona, Ethel D. | ||
| 245 |
_cEthel D. Magalona, Elline Regina M. Cruz, Evelyn Salting-Sadsad.-- _aUnderstanging the self : _bdeveloping life skills / |
||
| 260 |
_aManila : _bMindshapers Co., Inc. _c2018 |
||
| 300 |
_ax , 182 pages : _billustrations ; _c26 cm. |
||
| 650 | _aSelf | ||
| 999 |
_c363958 _d363958 |
||